Testaa Raamattutietosi - Statistics

Yleistilastot
  • Tätä visaa on pelattu 767 kertaa
  • Keskiarvotulos 8 / 19
Vastaustilastot
Hint Vastaus % Oikein
Minkä Nooa rakensi? arkin
99%
Missä kaupungissa Jeesus syntyi? Betlehemissä
83%
Kenen puolesta Jeesus kuoli? minun
63%
Minkä meren Jumala jakoi kahtia? Punaisen meren
60%
Kenet suuri kala nielaisi? Joonan
57%
Missä muodossa Jumala ilmestyi Moosekselle? palavana pensaana
53%
Millä aseella Daavid löi Goljatin? lingolla
48%
Missä kaupungissa haluttiin rakentaa taivaaseen yltävä torni? Baabelissa
45%
Minkä kaupungin muurit Joosua rikkoi marssimalla niiden ympäri? Jerikon
40%
Kenelle Esau myi esikoisoikeutensa? Jaakobille
35%
Ketä Vanhan Testamentin henkilöä Jumala salli saatanan kiusata? Jobia
33%
Kuka käytti ravintonaan heinäsirkkoja ja hunajaa? Johannes Kastaja
33%
Minkä palkkion Juudas sai Jeesuksen kavaltamisesta? kolmekymmentä hopearahaa
30%
Kuka halusi koskettaa Jeesuksen haavoja? Tuomas
28%
Mitä epäjumalaa israelilaiset palvoivat Mooseksen poissaollessa? Kultaista sonnia/vasikkaa
25%
Kuka rakennutti ensimmäisen Jerusalemin temppelin? Salomo
24%
Mihin heimoon Goljat kuului? filistealaisiin
15%
Missä kaupungissa Paavali syntyi? Tarsoksessa
12%
Millä aseella Simson löi tuhat miestä? Aasin leukaluulla
7%
Ehtoja vastaavia visoja ei löytynyt
Tulosjakauma
Jokaisen tuloksen saaneiden osuus
Persentiili vastausten määrän mukaan
Tuloshistoriasi
Et ole pelannut tätä visaa